[Event "47th GER-ch Blitz 2020"]
[Site "Magdeburg"]
[Date "2020.08.15"]
[Round "27.14"]
[White "Braeuning, Rudolf Wilhelm"]
[Black "Voege, Tobias"]
[Result "0-1"]
[WhiteElo "2244"]
[BlackElo "2326"]
[Annotator "ChessBase"]
[PlyCount "122"]
[EventDate "2020.07.28"]
[EventType "tourn"]
[EventCountry "GER"]
[SourceTitle "playchess.com"]
[Source "ChessBase"]
[SourceQuality "1"]
[TimeControl "180+2"]

1. e4 {[%emt 0:00:00]} e6 {[%emt 0:00:00]} 2. d4 {[%emt 0:00:01]} d5 {[%emt 0:00:00]} 3. Nd2 {[%emt 0:00:01]} Nf6 {[%emt 0:00:00]} 4. e5 {[%emt 0:00:01]} Nfd7 {[%emt 0:00:01]} 5. Bd3 {[%emt 0:00:01]} c5 {[%emt 0:00:01]} 6. c3 {[%emt 0:00:01]} Nc6 {[%emt 0:00:00]} 7. Ndf3 {[%emt 0:00:01]} Qb6 {[%emt 0:00:08]} 8. Ne2 {[%emt 0:00:03]} cxd4 {[%emt 0:00:06]} 9. cxd4 {[%emt 0:00:02]} f6 {[%emt 0:00:22]} 10. exf6 {[%emt 0:00:03]} Nxf6 {[%emt 0:00:02]} 11. O-O {[%emt 0:00:01]} Bd6 {[%emt 0:00:02]} 12. Nc3 {[%emt 0:00:09]} O-O {[%emt 0:00:08]} 13. Be3 {[%emt 0:00:02]} Bd7 {[%emt 0:00:06]} 14. a3 {[%emt 0:00:06]} Rae8 {[%emt 0:00:04]} 15. b4 {[%emt 0:00:11]} Qd8 {[%emt 0:00:13]} 16. Rc1 {[%emt 0:00:14]} a6 {[%emt 0:00:09]} 17. Na4 {[%emt 0:00:07]} e5 {[%emt 0:00:06]} 18. dxe5 {[%emt 0:00:25]} Nxe5 {[%emt 0:00:01]} 19. Nxe5 {[%emt 0:00:17]} Bxe5 {[%emt 0:00:02]} 20. Bb6 {[%emt 0:00:44]} Qb8 {[%emt 0:00:43]} 21. h3 {[%emt 0:00:10]} Bf4 {[%emt 0:00:29]} 22. Rc3 {[%emt 0:00:25]} Qe5 {[%emt 0:00:08]} 23. Bd4 {[%emt 0:00:18]} Qg5 {[%emt 0:00:01]} 24. Kh1 {[%emt 0:00:08]} Ne4 {[%emt 0:00:13]} 25. Bxe4 {[%emt 0:00:06]} dxe4 {[%emt 0:00:04]} 26. Nc5 {[%emt 0:00:01]} Bc6 {[%emt 0:00:04]} 27. Be3 {[%emt 0:00:05]} Bxe3 {[%emt 0:00:06]} 28. Rxe3 {[%emt 0:00:01]} Rxf2 {[%emt 0:00:04]} 29. Rxf2 {[%emt 0:00:05]} Qxe3 {[%emt 0:00:01]} 30. Qb3+ {[%emt 0:00:05]} Qxb3 {[%emt 0:00:01]} 31. Nxb3 {[%emt 0:00:01]} e3 {[%emt 0:00:01]} 32. Re2 {[%emt 0:00:01]} Bb5 {[%emt 0:00:00]} 33. Re1 {[%emt 0:00:00]} e2 {[%emt 0:00:02]} 34. Nd4 {[%emt 0:00:04]} Bc4 {[%emt 0:00:07]} 35. Kg1 {[%emt 0:00:01]} Re3 {[%emt 0:00:04]} 36. Kf2 {[%emt 0:00:07]} Rxa3 {[%emt 0:00:02]} 37. Nf5 {[%emt 0:00:03]} Rb3 {[%emt 0:00:03]} 38. Ne3 {[%emt 0:00:02]} Rxb4 {[%emt 0:00:04]} 39. Nxc4 {[%emt 0:00:02]} Rxc4 {[%emt 0:00:00]} 40. Rxe2 {[%emt 0:00:01]} Rc7 {[%emt 0:00:01]} 41. Re8+ {[%emt 0:00:02]} Kf7 {[%emt 0:00:01]} 42. Rb8 {[%emt 0:00:01]} a5 {[%emt 0:00:02]} 43. Kf3 {[%emt 0:00:01]} Rc3+ {[%emt 0:00:02]} 44. Kf4 {[%emt 0:00:01]} Rb3 {[%emt 0:00:01]} 45. Ra8 {[%emt 0:00:02]} b6 {[%emt 0:00:03]} 46. Kf5 {[%emt 0:00:03]} Rb5+ {[%emt 0:00:01]} 47. Ke4 {[%emt 0:00:00]} Kf6 {[%emt 0:00:02]} 48. Rf8+ {[%emt 0:00:02]} Ke7 {[%emt 0:00:02]} 49. Ra8 {[%emt 0:00:02]} Rb4+ {[%emt 0:00:00]} 50. Ke5 {[%emt 0:00:01]} Kf7 {[%emt 0:00:03]} 51. Kf5 {[%emt 0:00:01]} Rb5+ {[%emt 0:00:03]} 52. Kf4 {[%emt 0:00:01]} Kf6 {[%emt 0:00:02]} 53. h4 {[%emt 0:00:02]} Rb4+ {[%emt 0:00:01]} 54. Kg3 {[%emt 0:00:01]} a4 {[%emt 0:00:01]} 55. Kh3 {[%emt 0:00:03]} b5 {[%emt 0:00:01]} 56. g4 {[%emt 0:00:01]} Rb3+ {[%emt 0:00:01]} 57. Kg2 {[%emt 0:00:01]} a3 {[%emt 0:00:01]} 58. Ra5 {[%emt 0:00:02]} Rb2+ {[%emt 0:00:03]} 59. Kf3 {[%emt 0:00:01]} a2 {[%emt 0:00:01]} 60. Kf4 {[%emt 0:00:02]} Rb4+ {[%emt 0:00:03]} 61. Kf3 {[%emt 0:00:02]} Ra4 {[%emt 0:00:01]} 0-1

[Event "47th GER-ch Blitz 2020"]
[Site "Magdeburg"]
[Date "2020.08.15"]
[Round "27.15"]
[White "Bluebaum, Matthias"]
[Black "Weller, Manuel"]
[Result "1-0"]
[WhiteElo "2647"]
[BlackElo "2237"]
[Annotator "TA"]
[PlyCount "51"]
[EventDate "2020.07.28"]
[EventType "tourn"]
[EventCountry "GER"]
[SourceTitle "playchess.com"]
[Source "ChessBase"]
[SourceQuality "1"]

{[%evp 14,51,27,31,39,35,39,42,54,49,62,62,74,62,62,50,68,65,214,193,206,139,235,235,321,315,338,351,345,322,489,492,814,814,802,790,778,759,758,744]} 1. d4 d5 2. c4 Nc6 3. Nc3 Nf6 4. Nf3 dxc4 5. e4 Bg4 6. Be3 e6 7. Bxc4 Bb4 8. Qd3 Bxf3 {D07: Queen's Gambit: Chigorin Defence.} 9. gxf3 Na5 10. Rg1 {[#]} g6 $146 {White is slightly better.} ({Predecessor:} 10... O-O 11. O-O-O Kh8 12. e5 Nh5 13. Ne4 Nxc4 14. Qxc4 Be7 15. d5 Qc8 16. dxe6 fxe6 {1-0 (54) Panitevsky,I (2516)-Azevedo,J (2299) ICCF email 2018}) 11. a3 Nxc4 12. Qxc4 Be7 13. Qb5+ Qd7 14. Qxb7 O-O 15. Qa6 $36 {[%mdl 2048] White has good play.} c5 (15... Rfb8 $14) 16. dxc5 $18 Qc7 17. Qc4 Rfd8 {[#]} (17... Nd7 $16) 18. f4 $1 a5 19. Ke2 Rab8 20. b4 axb4 21. axb4 Nd7 (21... Rdc8 $142 22. f5 Kh8 23. fxe6 fxe6 24. Qxe6 Rxb4) 22. Rgd1 {White is clearly winning.} Qb7 (22... Bf8 $142 23. Ra6 Nf6 24. Rxd8 Qxd8) 23. c6 Nb6 24. cxb7 Nxc4 25. Rxd8+ Bxd8 26. Ra8 {Black did not feel at home in the position after the opening. Accuracy: White = 90%, Black = 46%.} 1-0

[Event "47th GER-ch Blitz 2020"]
[Site "Magdeburg"]
[Date "2020.08.15"]
[Round "28.1"]
[White "Donchenko, Alexander"]
[Black "Weller, Manuel"]
[Result "1-0"]
[WhiteElo "2646"]
[BlackElo "2237"]
[Annotator "TA"]
[PlyCount "77"]
[EventDate "2020.07.28"]
[EventType "tourn"]
[EventCountry "GER"]
[SourceTitle "playchess.com"]
[Source "ChessBase"]
[SourceQuality "1"]

{[%evp 23,77,32,36,35,33,22,34,43,45,33,44,39,31,-28,55,-22,-18,-47,-13,-18,-10,-106,-106,-106,-74,-68,-50,-41,-43,-43,-45,-52,-19,-29,-22,-17,0,0,0,0,0,0,0,-19,-19,-39,0,0,79,47,52,19,179,191,1069,988]} 1. Nf3 Nf6 2. g3 b6 3. Bg2 Bb7 4. O-O e6 5. c4 Be7 6. Nc3 O-O 7. Re1 Ne4 8. Nxe4 Bxe4 9. d3 Bb7 10. e4 c5 11. d4 cxd4 12. Nxd4 d6 13. Be3 {A17: English Opening: 1...Nf6 with ...Bb4.} a6 14. a4 $5 {[%mdl 4] Leaves trodden paths.} Nd7 15. a5 {White is slightly better.} bxa5 16. Nb3 Rb8 17. Nxa5 Ba8 {[#]} 18. Qd2 $146 ({White should try} 18. Bd4 $14) ({Predecessor:} 18. b3 Qc7 19. Bd4 Rfd8 20. Qd2 h6 21. Bc3 Bg5 22. Qb2 Nc5 23. Qc2 e5 24. h4 {1-0 (43) Aczel,G (2515)-Nguyen,V (2468) Budapest 2019}) 18... Nc5 (18... d5 $1 $11 19. Qc2 Bb4) 19. Bxc5 ({White should play} 19. Bd4 $14) 19... dxc5 $11 20. Qxd8 Bxd8 (20... Rfxd8 {is more complex.} 21. e5 Rxb2 22. Reb1 Rb4 23. Rd1 Rxd1+ 24. Rxd1 Bxg2 25. Kxg2 Bf8) 21. Re2 Rb4 22. Rc2 (22. b3 $11) 22... Bf6 $17 23. Ra2 {With the idea e5!} Bd4 24. e5 Bxg2 ({Don't blunder} 24... Bxe5 $2 25. Bxa8 Rxa8 26. Nc6 $18) 25. Kxg2 Rb6 26. f4 Rfb8 27. b3 g6 28. Kf3 Kf8 29. Ke4 Rd8 30. Rd2 Rd7 31. Ra4 Ke7 32. b4 {next Nb3 is good for White.} Bg1 33. Rg2 Rd1 34. Rb2 h5 35. b5 axb5 (35... Re1+ $11 {remains equal.} 36. Kd3 Kf8) 36. cxb5 $16 Bd4 37. Rb3 {Threatening Nc6+.} (37. Nc4 $5 {[%cal Ra4a7]}) 37... Re1+ $2 {[#]} (37... f5+ $1 $11 38. exf6+ Kxf6) 38. Kf3 $18 Rb8 $2 (38... Kd8 39. Nc6+ {[%mdl 64] Double Attack} Kc7) 39. Nc6+ {[%mdl 64] Double Attack. Accuracy: White = 78%, Black = 57%.} 1-0

[Event "47th GER-ch Blitz 2020"]
[Site "Magdeburg"]
[Date "2020.08.15"]
[Round "28.2"]
[White "Voege, Tobias"]
[Black "Bluebaum, Matthias"]
[Result "0-1"]
[WhiteElo "2326"]
[BlackElo "2647"]
[Annotator "TA"]
[PlyCount "58"]
[EventDate "2020.07.28"]
[EventType "tourn"]
[EventCountry "GER"]
[SourceTitle "playchess.com"]
[Source "ChessBase"]
[SourceQuality "1"]

{[%evp 15,58,0,0,0,0,-11,-22,-30,-27,-81,-38,-48,-31,-27,-30,-81,-48,-57,-51,-100,-92,-78,-35,-88,-69,-78,-70,-203,-161,-132,-142,-166,-122,-124,-125,-438,-458,-532,-562,-992,-1018,-1021,-1012,-29993,-1089]} 1. d4 d5 2. c4 e6 3. Nc3 Bb4 4. Nf3 Nf6 5. Bg5 h6 6. Bxf6 Qxf6 7. e3 O-O 8. cxd5 exd5 9. Bd3 {D38: Queen's Gambit Declined: Ragozin Defence (4 Nf3 Bb4).} c6 10. Qc2 Bd6 11. O-O-O {[#] The position is equal.} Na6 $146 ({Predecessor:} 11... Bg4 12. Kb1 Na6 13. a3 b5 14. e4 Bxf3 15. gxf3 Qxf3 16. exd5 cxd5 17. Bxb5 Nc7 {½-½ (70) Mesic,I (1964)-Pleh,S (1815) Lukavac 2019}) 12. Qd2 (12. Qe2 $11) 12... Bf5 13. h3 Rfe8 14. Bxf5 Qxf5 15. Ng1 (15. Ne1 $11 {keeps the balance.}) 15... Rac8 16. g4 Qf6 17. h4 Qg6 18. g5 h5 19. Nge2 ({Better is} 19. Qd3 $15) 19... b5 20. Qd3 {[#]} Qe6 $1 21. Rde1 ({White should play} 21. a3 $15) 21... Nb4 22. Qb1 c5 $36 {[%mdl 2048] Black is in control.} 23. a3 {Black must now prevent dxc5.} Nc6 {...cxd4 is the strong threat.} 24. dxc5 Bxc5 {Strongly threatening ...d4.} 25. Qd3 $2 {[%mdl 8192]} (25. Nf4 $17 Qd6 26. g6 (26. Nfxd5 b4 $17) (26. Nxh5 $2 Ne5 $19) (26. Nxb5 Qb8 $17)) 25... b4 $19 26. axb4 Nxb4 27. Qb5 Rb8 28. Qa4 Nd3+ {[%mdl 64] [#] Double Attack, Discovered Attack} 29. Kc2 Qg6 {Accuracy: White = 44%, Black = 74%.} (29... Rxb2+ $142 30. Kd1 Nxf2+ {[%mdl 64] Double Attack} 31. Kc1 Nd3+ {[%mdl 64] Double Attack} 32. Kd1 Bxe3 33. Ne4 dxe4 34. Qxe8+ Qxe8 35. Rh3 Nf2#) 0-1

[Event "47th GER-ch Blitz 2020"]
[Site "Magdeburg"]
[Date "2020.08.15"]
[Round "28.3"]
[White "Holtel, Jasper"]
[Black "Braeuning, Rudolf Wilhelm"]
[Result "1-0"]
[WhiteElo "2305"]
[BlackElo "2244"]
[Annotator "ChessBase"]
[PlyCount "47"]
[EventDate "2020.07.28"]
[EventType "tourn"]
[EventCountry "GER"]
[SourceTitle "playchess.com"]
[Source "ChessBase"]
[SourceQuality "1"]
[TimeControl "180+2"]

1. e4 {[%emt 0:00:00]} c5 {[%emt 0:00:00]} 2. d4 {[%emt 0:00:01]} cxd4 {[%emt 0:00:00]} 3. c3 {[%emt 0:00:00]} Nf6 {[%emt 0:00:02]} 4. e5 {[%emt 0:00:01]} Nd5 {[%emt 0:00:01]} 5. Nf3 {[%emt 0:00:01]} Nc6 {[%emt 0:00:00]} 6. Bc4 {[%emt 0:00:04]} e6 {[%emt 0:00:04]} 7. O-O {[%emt 0:00:06]} Be7 {[%emt 0:00:04]} 8. cxd4 {[%emt 0:00:28]} d6 {[%emt 0:00:04]} 9. exd6 {[%emt 0:00:10]} Qxd6 {[%emt 0:00:05]} 10. Nc3 {[%emt 0:00:01]} Nf6 {[%emt 0:00:13]} 11. Bg5 {[%emt 0:00:12]} O-O {[%emt 0:00:03]} 12. Bh4 {[%emt 0:00:06]} a6 {[%emt 0:00:13]} 13. Bg3 {[%emt 0:00:02]} Qb4 {[%emt 0:00:08]} 14. Qe2 {[%emt 0:00:03]} b5 {[%emt 0:00:38]} 15. Bb3 {[%emt 0:00:02]} Bb7 {[%emt 0:00:15]} 16. Rad1 {[%emt 0:00:04]} Rad8 {[%emt 0:00:12]} 17. d5 {[%emt 0:00:08]} exd5 {[%emt 0:00:15]} 18. Nxd5 {[%emt 0:00:02]} Nxd5 {[%emt 0:00:05]} 19. Bxd5 {[%emt 0:00:06]} Bf6 {[%emt 0:00:04]} 20. b3 {[%emt 0:00:18]} Rfe8 {[%emt 0:00:19]} 21. Qc2 {[%emt 0:00:04]} Rc8 {[%emt 0:00:15]} 22. Qf5 {[%emt 0:00:17]} Nd8 {[%emt 0:00:15]} 23. Rfe1 {[%emt 0:00:24]} Bxd5 {[%emt 0:00:02]} 24. Rxe8+ {[%emt 0:00:04]} 1-0

[Event "47th GER-ch Blitz 2020"]
[Site "Magdeburg"]
[Date "2020.08.15"]
[Round "28.5"]
[White "Siebrecht, Sebastian"]
[Black "Krause, Benedict"]
[Result "0-1"]
[WhiteElo "2429"]
[BlackElo "2425"]
[Annotator "ChessBase"]
[PlyCount "92"]
[EventDate "2020.07.28"]
[EventType "tourn"]
[EventCountry "GER"]
[SourceTitle "playchess.com"]
[Source "ChessBase"]
[SourceQuality "1"]
[TimeControl "180+2"]

1. c4 {[%emt 0:00:00]} g6 {[%emt 0:00:00]} 2. Nc3 {[%emt 0:00:00]} c5 {[%emt 0:00:01]} 3. Nf3 {[%emt 0:00:03]} Bg7 {[%emt 0:00:01]} 4. d4 {[%emt 0:00:02]} cxd4 {[%emt 0:00:01]} 5. Nxd4 {[%emt 0:00:01]} Nc6 {[%emt 0:00:01]} 6. Nc2 {[%emt 0:00:02]} Bxc3+ {[%emt 0:00:04]} 7. bxc3 {[%emt 0:00:01]} Qa5 {[%emt 0:00:01]} 8. Bd2 {[%emt 0:00:12]} Nf6 {[%emt 0:00:02]} 9. f3 {[%emt 0:00:03]} d6 {[%emt 0:00:02]} 10. e4 {[%emt 0:00:03]} Be6 {[%emt 0:00:31]} 11. Ne3 {[%emt 0:00:01]} Ne5 {[%emt 0:00:02]} 12. Nd5 {[%emt 0:00:01]} Rc8 {[%emt 0:00:05]} 13. Qb3 {[%emt 0:00:09]} b6 {[%emt 0:00:15]} 14. Be2 {[%emt 0:00:14]} Nfd7 {[%emt 0:00:21]} 15. f4 {[%emt 0:00:28]} Nc5 {[%emt 0:00:33]} 16. Qc2 {[%emt 0:00:01]} Ned7 {[%emt 0:00:06]} 17. O-O {[%emt 0:00:10]} Qa4 {[%emt 0:00:01]} 18. Qb1 {[%emt 0:00:14]} b5 {[%emt 0:00:07]} 19. f5 {[%emt 0:00:50]} Bxd5 {[%emt 0:00:02]} 20. cxd5 {[%emt 0:00:03]} Qxe4 {[%emt 0:00:12]} 21. Bxb5 {[%emt 0:00:06]} Qxb1 {[%emt 0:00:39]} 22. Raxb1 {[%emt 0:00:01]} O-O {[%emt 0:00:02]} 23. Bxd7 {[%emt 0:00:12]} Nxd7 {[%emt 0:00:02]} 24. Rb7 {[%emt 0:00:01]} Nf6 {[%emt 0:00:11]} 25. Rxe7 {[%emt 0:00:03]} Nxd5 {[%emt 0:00:06]} 26. Rxa7 {[%emt 0:00:02]} Nxc3 {[%emt 0:00:18]} 27. Bh6 {[%emt 0:00:01]} Ra8 {[%emt 0:00:01]} 28. fxg6 {[%emt 0:00:18]} Rxa7 {[%emt 0:00:02]} 29. gxh7+ {[%emt 0:00:01]} Kxh7 {[%emt 0:00:02]} 30. Bxf8 {[%emt 0:00:02]} Kg6 {[%emt 0:00:00]} 31. Bxd6 {[%emt 0:00:01]} Rxa2 32. Be5 {[%emt 0:00:02]} Ne4 {[%emt 0:00:03]} 33. h3 {[%emt 0:00:05]} f5 {[%emt 0:00:01]} 34. Rc1 {[%emt 0:00:04]} Re2 {[%emt 0:00:03]} 35. Bf4 {[%emt 0:00:05]} Ra2 {[%emt 0:00:01]} 36. Rc6+ {[%emt 0:00:02]} Kf7 {[%emt 0:00:00]} 37. Kh2 {[%emt 0:00:03]} Rf2 {[%emt 0:00:03]} 38. Be5 {[%emt 0:00:07]} Re2 {[%emt 0:00:02]} 39. h4 {[%emt 0:00:04]} Nf2 {[%emt 0:00:03]} 40. Bf4 {[%emt 0:00:03]} Ng4+ {[%emt 0:00:01]} 41. Kg3 {[%emt 0:00:01]} Ra2 {[%emt 0:00:02]} 42. h5 {[%emt 0:00:03]} Nf6 {[%emt 0:00:03]} 43. h6 {[%emt 0:00:04]} Nh5+ {[%emt 0:00:02]} 44. Kh4 {[%emt 0:00:08]} Nxf4 {[%emt 0:00:02]} 45. Kg5 {[%emt 0:00:01]} Ne6+ {[%emt 0:00:01]} 46. Kxf5 Nd4+ 0-1

[Event "47th GER-ch Blitz 2020"]
[Site "Magdeburg"]
[Date "2020.08.15"]
[Round "28.6"]
[White "Braun, Georg"]
[Black "Stein, Robert"]
[Result "0-1"]
[WhiteElo "2360"]
[BlackElo "2325"]
[Annotator "ChessBase"]
[PlyCount "56"]
[EventDate "2020.07.28"]
[EventType "tourn"]
[EventCountry "GER"]
[SourceTitle "playchess.com"]
[Source "ChessBase"]
[SourceQuality "1"]
[TimeControl "180+2"]

1. e4 {[%emt 0:00:00]} e5 {[%emt 0:00:00]} 2. Nf3 {[%emt 0:00:01]} Nc6 {[%emt 0:00:00]} 3. Bb5 a6 4. Ba4 {[%emt 0:00:02]} Nf6 {[%emt 0:00:00]} 5. O-O {[%emt 0:00:02]} Be7 {[%emt 0:00:01]} 6. Re1 {[%emt 0:00:02]} b5 {[%emt 0:00:00]} 7. Bb3 {[%emt 0:00:00]} d6 {[%emt 0:00:01]} 8. d4 {[%emt 0:00:03]} Nxd4 {[%emt 0:00:07]} 9. Nxd4 {[%emt 0:00:06]} exd4 {[%emt 0:00:01]} 10. c3 {[%emt 0:00:03]} dxc3 {[%emt 0:00:08]} 11. Nxc3 {[%emt 0:00:01]} O-O {[%emt 0:00:08]} 12. a4 {[%emt 0:00:02]} Rb8 {[%emt 0:00:03]} 13. axb5 {[%emt 0:00:04]} axb5 {[%emt 0:00:01]} 14. Bf4 {[%emt 0:00:04]} b4 {[%emt 0:00:11]} 15. Nd5 {[%emt 0:00:09]} Nxd5 {[%emt 0:00:03]} 16. Bxd5 {[%emt 0:00:02]} Bf6 {[%emt 0:00:03]} 17. Qd2 {[%emt 0:00:05]} Be6 {[%emt 0:00:16]} 18. Bxe6 {[%emt 0:00:18]} fxe6 {[%emt 0:00:03]} 19. e5 {[%emt 0:00:01]} dxe5 {[%emt 0:00:12]} 20. Qxd8 {[%emt 0:00:09]} Rfxd8 {[%emt 0:00:03]} 21. Bxe5 {[%emt 0:00:15]} Bxe5 {[%emt 0:00:01]} 22. Rxe5 {[%emt 0:00:01]} Rd2 {[%emt 0:00:06]} 23. Rb1 {[%emt 0:00:34]} Rbd8 {[%emt 0:00:17]} 24. Rxe6 {[%emt 0:00:05]} Rxb2 {[%emt 0:00:05]} 25. Rc1 {[%emt 0:00:06]} Rc2 {[%emt 0:00:01]} 26. Rb1 {[%emt 0:00:05]} b3 {[%emt 0:00:16]} 27. g3 {[%emt 0:00:12]} b2 {[%emt 0:00:03]} 28. Kg2 {[%emt 0:00:02]} Rdd2 {[%emt 0:00:02]} 0-1

[Event "47th GER-ch Blitz 2020"]
[Site "Magdeburg"]
[Date "2020.08.15"]
[Round "28.7"]
[White "Ehmann, Thilo"]
[Black "Schoewel, Matthias"]
[Result "1-0"]
[WhiteElo "2329"]
[BlackElo "2218"]
[Annotator "ChessBase"]
[PlyCount "88"]
[EventDate "2020.07.28"]
[EventType "tourn"]
[EventCountry "GER"]
[SourceTitle "playchess.com"]
[Source "ChessBase"]
[SourceQuality "1"]
[TimeControl "180+2"]

1. e4 {[%emt 0:00:00]} e5 {[%emt 0:00:00]} 2. Nf3 {[%emt 0:00:00]} Nc6 {[%emt 0:00:00]} 3. Bb5 {[%emt 0:00:00]} d6 {[%emt 0:00:01]} 4. d4 {[%emt 0:00:04]} Bd7 {[%emt 0:00:01]} 5. O-O {[%emt 0:00:06]} Nf6 {[%emt 0:00:01]} 6. Nc3 {[%emt 0:00:05]} Be7 {[%emt 0:00:01]} 7. d5 {[%emt 0:00:16]} Nb8 {[%emt 0:00:01]} 8. Bc4 {[%emt 0:00:00]} O-O {[%emt 0:00:02]} 9. h3 {[%emt 0:00:02]} h6 {[%emt 0:00:01]} 10. a4 {[%emt 0:00:17]} Nh7 {[%emt 0:00:02]} 11. a5 a6 12. Be3 {[%emt 0:00:30]} f5 {[%emt 0:00:04]} 13. exf5 {[%emt 0:00:01]} Bxf5 {[%emt 0:00:00]} 14. Bd3 {[%emt 0:00:03]} Qd7 {[%emt 0:00:08]} 15. Ne4 {[%emt 0:00:23]} Nf6 {[%emt 0:00:10]} 16. Ng3 {[%emt 0:00:09]} Bxd3 {[%emt 0:00:23]} 17. Qxd3 {[%emt 0:00:01]} Qe8 {[%emt 0:00:08]} 18. Nd2 {[%emt 0:00:08]} Nbd7 {[%emt 0:00:05]} 19. Qc4 {[%emt 0:00:15]} Bd8 {[%emt 0:00:11]} 20. Nde4 {[%emt 0:00:02]} Qf7 {[%emt 0:00:03]} 21. Rad1 {[%emt 0:00:04]} Nxe4 {[%emt 0:00:03]} 22. Nxe4 {[%emt 0:00:01]} Nf6 {[%emt 0:00:01]} 23. Nxf6+ {[%emt 0:00:04]} Bxf6 {[%emt 0:00:03]} 24. Qb3 {[%emt 0:00:02]} Rfb8 {[%emt 0:00:20]} 25. c4 {[%emt 0:00:08]} Qg6 {[%emt 0:00:05]} 26. c5 {[%emt 0:00:07]} Bg5 {[%emt 0:00:02]} 27. cxd6 {[%emt 0:00:06]} cxd6 {[%emt 0:00:10]} 28. Bxg5 {[%emt 0:00:09]} Qxg5 {[%emt 0:00:02]} 29. Rc1 {[%emt 0:00:03]} Qe7 {[%emt 0:00:09]} 30. Rc4 {[%emt 0:00:05]} Rc8 {[%emt 0:00:06]} 31. Rfc1 {[%emt 0:00:01]} Rxc4 {[%emt 0:00:00]} 32. Qxc4 {[%emt 0:00:01]} Qf7 {[%emt 0:00:12]} 33. Rc3 {[%emt 0:00:05]} Rf8 {[%emt 0:00:07]} 34. Rf3 {[%emt 0:00:07]} Qd7 {[%emt 0:00:01]} 35. Rxf8+ {[%emt 0:00:05]} Kxf8 {[%emt 0:00:01]} 36. Qd3 {[%emt 0:00:03]} Kg8 {[%emt 0:00:04]} 37. Kf1 {[%emt 0:00:03]} Qa4 {[%emt 0:00:06]} 38. g3 {[%emt 0:00:13]} Qxa5 {[%emt 0:00:06]} 39. Kg2 {[%emt 0:00:09]} Qc5 {[%emt 0:00:01]} 40. h4 {[%emt 0:00:08]} b5 {[%emt 0:00:01]} 41. g4 {[%emt 0:00:08]} a5 {[%emt 0:00:01]} 42. g5 {[%emt 0:00:01]} hxg5 {[%emt 0:00:05]} 43. hxg5 {[%emt 0:00:01]} Qc4 {[%emt 0:00:09]} 44. Qf3 Qc2 1-0

[Event "47th GER-ch Blitz 2020"]
[Site "Magdeburg"]
[Date "2020.08.15"]
[Round "28.8"]
[White "Baskin, Robert"]
[Black "Berger, Steve"]
[Result "1-0"]
[WhiteElo "2390"]
[BlackElo "2408"]
[Annotator "ChessBase"]
[PlyCount "57"]
[EventDate "2020.07.28"]
[EventType "tourn"]
[EventCountry "GER"]
[SourceTitle "playchess.com"]
[Source "ChessBase"]
[SourceQuality "1"]
[TimeControl "180+2"]

1. e4 {[%emt 0:00:00]} e6 {[%emt 0:00:00]} 2. d4 {[%emt 0:00:00]} d5 {[%emt 0:00:00]} 3. e5 {[%emt 0:00:01]} c5 {[%emt 0:00:00]} 4. c3 {[%emt 0:00:00]} Nc6 {[%emt 0:00:01]} 5. Nf3 {[%emt 0:00:01]} Bd7 {[%emt 0:00:01]} 6. Be2 {[%emt 0:00:01]} Nge7 {[%emt 0:00:01]} 7. Na3 {[%emt 0:00:01]} cxd4 {[%emt 0:00:00]} 8. cxd4 {[%emt 0:00:01]} Nf5 {[%emt 0:00:01]} 9. Nc2 {[%emt 0:00:01]} Qb6 {[%emt 0:00:01]} 10. O-O {[%emt 0:00:03]} Na5 {[%emt 0:00:00]} 11. Ne3 {[%emt 0:00:38]} Nxe3 {[%emt 0:00:16]} 12. fxe3 {[%emt 0:00:01]} Be7 {[%emt 0:00:02]} 13. Bd3 {[%emt 0:00:22]} Bb5 {[%emt 0:00:04]} 14. b3 {[%emt 0:00:01]} Rc8 {[%emt 0:00:14]} 15. Bxb5+ {[%emt 0:00:13]} Qxb5 {[%emt 0:00:02]} 16. Bd2 {[%emt 0:00:01]} Nc6 {[%emt 0:00:14]} 17. Be1 {[%emt 0:00:01]} h6 {[%emt 0:00:05]} 18. a4 {[%emt 0:00:16]} Qb6 {[%emt 0:00:04]} 19. Ra2 {[%emt 0:00:04]} Nb4 {[%emt 0:00:20]} 20. Raf2 {[%emt 0:00:03]} a5 {[%emt 0:00:17]} 21. Kh1 {[%emt 0:00:26]} Rc7 {[%emt 0:00:03]} 22. Ng1 {[%emt 0:00:06]} Bg5 {[%emt 0:00:07]} 23. Bd2 {[%emt 0:00:17]} O-O {[%emt 0:00:18]} 24. Nh3 {[%emt 0:00:02]} Be7 {[%emt 0:00:28]} 25. Qh5 {[%emt 0:00:02]} f5 {[%emt 0:00:43]} 26. g4 {[%emt 0:00:18]} Nd3 {[%emt 0:00:12]} 27. Rf3 {[%emt 0:00:11]} Kh7 {[%emt 0:00:16]} 28. gxf5 {[%emt 0:00:03]} exf5 {[%emt 0:00:02]} 29. Rxf5 {[%emt 0:00:02]} 1-0

[Event "47th GER-ch Blitz 2020"]
[Site "Magdeburg"]
[Date "2020.08.15"]
[Round "28.9"]
[White "Barzen, Pascal"]
[Black "Kopylov, Michael"]
[Result "1-0"]
[WhiteElo "2321"]
[BlackElo "2407"]
[Annotator "ChessBase"]
[PlyCount "51"]
[EventDate "2020.07.28"]
[EventType "tourn"]
[EventCountry "GER"]
[SourceTitle "playchess.com"]
[Source "ChessBase"]
[SourceQuality "1"]
[TimeControl "180+2"]

1. e4 {[%emt 0:00:00]} Nf6 {[%emt 0:00:00]} 2. e5 {[%emt 0:00:00]} Nd5 3. d4 d6 {[%emt 0:00:01]} 4. Nf3 {[%emt 0:00:01]} Bg4 {[%emt 0:00:01]} 5. c4 {[%emt 0:00:02]} Nb6 {[%emt 0:00:01]} 6. Be2 {[%emt 0:00:05]} e6 {[%emt 0:00:01]} 7. Nc3 {[%emt 0:00:07]} Nc6 {[%emt 0:00:01]} 8. exd6 {[%emt 0:00:10]} cxd6 {[%emt 0:00:01]} 9. h3 {[%emt 0:00:10]} Bxf3 {[%emt 0:00:04]} 10. Bxf3 {[%emt 0:00:01]} Nxc4 {[%emt 0:00:02]} 11. d5 {[%emt 0:00:13]} exd5 {[%emt 0:00:04]} 12. Bxd5 {[%emt 0:00:05]} Nb6 {[%emt 0:00:03]} 13. Bb3 {[%emt 0:00:04]} Be7 {[%emt 0:00:03]} 14. O-O {[%emt 0:00:01]} O-O {[%emt 0:00:01]} 15. Qh5 {[%emt 0:00:03]} g6 {[%emt 0:00:17]} 16. Qg4 {[%emt 0:00:12]} Ne5 {[%emt 0:00:07]} 17. Qg3 {[%emt 0:00:03]} Nec4 {[%emt 0:00:30]} 18. Rd1 {[%emt 0:00:05]} Rc8 {[%emt 0:00:04]} 19. Bh6 {[%emt 0:00:02]} Re8 {[%emt 0:00:02]} 20. Qf3 {[%emt 0:00:13]} Bf6 {[%emt 0:00:27]} 21. Qxb7 {[%emt 0:00:22]} Rc7 {[%emt 0:00:09]} 22. Qf3 {[%emt 0:00:04]} Nxb2 {[%emt 0:00:32]} 23. Nb5 {[%emt 0:00:01]} Rd7 {[%emt 0:00:41]} 24. Re1 {[%emt 0:00:01]} N2c4 {[%emt 0:00:07]} 25. Rxe8+ Qxe8 26. Qxf6 {[%emt 0:00:09]} 1-0